Invalidné poistenie v SR a vo vybraných krajinách EÚ diplomová práca

Uložené v:
Podrobná bibliografia
Hlavný autor: Ondrisová, Denisa
Korporativný autor: Národohospodárska fakulta EU. Katedra sociálneho rozvoja a práce
Ďalší autori: Šipikalová, Silvia, 1979-
Médium: Kniha
Jazyk:Slovak
Vydavateľské údaje: Bratislava 2015
Tagy: Pridať tag
Žiadne tagy, Buďte prvý, kto otaguje tento záznam!

MARC

LEADER 00000nbm a2200000 4500
001 0205813
005 20161205085047.2
041 0 |a slo 
044 |a SK 
245 1 0 |a Invalidné poistenie v SR a vo vybraných krajinách EÚ  |b diplomová práca  |c Denisa Ondrisová ; školiteľ: Silvia Šipikalová 
264 1 |a Bratislava  |c 2015 
300 |a 66 s. 
100 1 |a Ondrisová, Denisa 
700 1 |a Šipikalová, Silvia, 1979- 
710 2 |a Národohospodárska fakulta EU. Katedra sociálneho rozvoja a práce